000 00211 a2200097 4500
001 45533
100 _aIrving, J
245 _aThe hotel new hampshire
260 _aLondon
_bBlack swan
_c
090 _c28699
_d28699
942 _aNUST-CAE
_cM
_c20778
999 _c280606
_d280606